| 000 | 00938nam a2200253Ia 4500 | ||
|---|---|---|---|
| 003 | GCL | ||
| 008 | 140319s9999 xx 000 0 ara d | ||
| 040 |
_aGCL / _cGCL |
||
| 082 | 0 | 4 |
_a341.69 _bم م |
| 100 | 1 | _aمركز البحوث والدراسات الكويتية | |
| 245 | 1 | 0 |
_aمركز البحوث والدراسات الكويتية : دورة فى توثيق جرائم العدوان العراقى والرد على ادعاءاتة / _cمركز البحوث والدراسات الكويتية |
| 300 | _a54 ص | ||
| 490 | _a | ||
| 650 | 0 | 4 | _aالكويت |
| 650 | 0 | 4 | _aالقانون الدولى |
| 650 | 0 | 4 | _aالخليج العربى |
| 650 | 0 | 4 | _aحرب الخليج |
| 650 | 0 | 4 | _aالجرائم الدولية |
| 650 | 0 | 4 | _aالادعاءات |
| 650 | 0 | 4 | _aالتخريب والتدمير |
| 650 | 0 | 4 | _aالاحتلال العراقى (1990 - 1991) |
| 650 | 0 | 4 | _aجرائم الحرب |
| 942 |
_2ddc _cBK |
||
| 999 |
_c46657 _d46657 |
||